logo

Bir Sreshtho Munshi Abdur Rouf Library
Jhenaidah Cadet College

Finite mathematics for management, life, and social sciences / (Record no. 8522)

MARC details
000 -LEADER
fixed length control field 00900cam a2200301 a 4500
001 - CONTROL NUMBER
JCCL Control Number 8522
003 - CONTROL NUMBER IDENTIFIER
JCCL marc code BD-JhCC
005 - DATE AND TIME OF LATEST TRANSACTION
control field 20230722104340.0
008 - FIXED-LENGTH DATA ELEMENTS--GENERAL INFORMATION
fixed length control field 860815s1987 caua 001 0 eng
020 ## - INTERNATIONAL STANDARD BOOK NUMBER
International Standard Book Number 0023063912
035 ## - SYSTEM CONTROL NUMBER
system control number (BD-JhCC)8522
040 ## - CATALOGING SOURCE
Original cataloging agency DLC
Transcribing agency DLC
Modifying agency DLC
-- BD-JhCC
041 ## - LANGUAGE CODE
Language code of Book eng
050 00 - LIBRARY OF CONGRESS CALL NUMBER
Classification number QA39.2
Item number .B368 1987
082 00 - DEWEY DECIMAL CLASSIFICATION NUMBER
Classification number 510
DDC Edition number 19
Author mark and Year BAR 1987
100 1# - MAIN ENTRY--PERSONAL NAME
Personal name Barnett, Raymond A.
245 10 - TITLE STATEMENT
Title Finite mathematics for management, life, and social sciences /
Statement of responsibility, etc Raymond A. Barnett, Michael R. Ziegler.
250 ## - EDITION STATEMENT
Edition statement 4th ed.
260 ## - PUBLICATION, DISTRIBUTION, ETC. (IMPRINT)
Place of publication, distribution, etc San Francisco :
Name of publisher, distributor, etc Dellen Pub. Co. ;
Place of publication, distribution, etc London :
Name of publisher, distributor, etc Collier Macmillan,
Date of publication, distribution, etc c1987.
300 ## - PHYSICAL DESCRIPTION
Pagination xv, 605, [47] p. :
Other physical details ill. ;
Dimensions 24 cm.
500 ## - GENERAL NOTE
General note Includes indexes.
650 #0 - SUBJECT ADDED ENTRY--TOPICAL TERM
Topical term or geographic name as entry element Mathematics.
650 #0 - SUBJECT ADDED ENTRY--TOPICAL TERM
Topical term or geographic name as entry element Social sciences
General subdivision Mathematics.
650 #0 - SUBJECT ADDED ENTRY--TOPICAL TERM
Topical term or geographic name as entry element Biomathematics.
700 1# - ADDED ENTRY--PERSONAL NAME
Personal name Ziegler, Michael R.
942 ## - ADDED ENTRY ELEMENTS (KOHA)
Source of classification or shelving scheme Dewey Decimal Classification
Koha item type Books
Holdings
Source of classification or shelving scheme Damaged status Not for loan Home library Current library Shelving location Date of accession Full call number Barcode Date last seen Copy number Method of acquisition Koha item type Currency
Dewey Decimal Classification     JCC Rouf Library JCC Rouf Library General Stacks 07/22/2023 510 BAR 1987 11184 02/26/2018 C - 1 Purchase Books BDT

JCC Library | Contacts | JCC Home

Last Update on 23 September 2017
Copyright @ 2017-2020 JCC Rouf Library
Rouf Library, Jhenidah Cadet College (JCC), Bangladesh